000 01040cab a2200217 4500
001 ABS37512
008 090401t1987 xxu||||| |||| 00| 0 eng d
035 _a(Sirsi) u5028
041 _aeng
110 _aRoyal Institution of Chartered Surveyors
_bInsurance Services
_9643
245 _aPick a policy to suit the claim
260 _c1987
350 _a0
490 _aChartered Surveyor Weekly
_v18(12) 26 March 1987, 61 (1)
520 _aAimed at chartered surveyors , the article concentrates on the theme of public liability insurance. Notes that if a Surveyor does not have a separate policy he must ensure that he has professional indemnity cover with a high enough limit to cater for all the consequences of a particular act of negligence , including personal injury, property damage or other financial loss. Describes the public liability policy offered by RICS Insurance Services.
650 _aPROFESSIONAL INDEMNITY
650 _aPROFESSIONAL NEGLIGENCE
690 _aInsurance
_96249
942 _n0
948 _c04/03/1997
999 _c3021
_d3021